| 000 | 00609nam a22001937a 4500 | ||
|---|---|---|---|
| 003 | OSt | ||
| 005 | 20140310182956.0 | ||
| 008 | 130207t xxu||||| |||| 00| 0 eng d | ||
| 020 | _a9710459681 | ||
| 050 |
_aLB 3013.3 _b.P375 2009 |
||
| 100 | _aPenetrante, Marylendra A. | ||
| 245 |
_aFight the bully battle : _b(a guidebook in establishing anti-bullying programs in school) / _cMarylendra A. Penetrante. |
||
| 260 |
_aQuezon City : _bWiseman's Book Trading, _c2009. |
||
| 300 |
_a44 p. : _c23 cm. |
||
| 521 | _aEDU | ||
| 650 |
_aBullying in schools. _xPrevention |
||
| 942 |
_2lcc _cBK _kLOC |
||
| 999 |
_c18009 _d18009 |
||